000 00607nam a2200253Ia 4500
005 20260121153929.0
008 008 260114s9999 xx 000 0 eng d
020 _a9781003280002
037 _aEBOOK
040 _aCRL
040 _beng
040 _cCRL
041 _2eng
041 _aeng
084 _qCRL
100 _a Beverly J. Stoute; Michael Slevin
_91000906
245 4 _aThe Trauma of Racism
260 _bTaylor and Francis
260 _c2023
856 _uhttp://www.taylorfrancis.com/books/9781003280002
942 _cEBOOK
999 _c1567727
_d1567727